[Event "Merida World Heritage op 2nd"]
[Site "Merida"]
[Date "2022.08.06"]
[Round "8"]
[White "Patino Frias, Jose Luis"]
[Black "Rasskazov, David"]
[Result "0-1"]
[WhiteElo "1247"]
[BlackElo "1155"]
[PlyCount "32"]
[EventDate "2022.08.02"]
[EventType "swiss"]
[EventRounds "9"]
[EventCountry "ESP"]
[SourceTitle "EXT 2023"]
[Source "ChessBase"]
[SourceDate "2022.10.05"]
[SourceVersion "1"]
[SourceVersionDate "2022.10.05"]
[SourceQuality "1"]

1. d4 d5 2. Bf4 Nf6 3. e3 Bf5 4. Nf3 h6 5. h3 e6 6. c3 Bd6 7. Ne5 c6 8. Be2 Nbd7 9. Nxf7 Kxf7 10. Bxd6 Ne4 11. Bh2 Qh4 12. 0-0 Ndf6 13. Qe1 Qg5 14. f4 Qg6 15. g4 h5 16. Kh1 hxg4 0-1

[Event "Merida World Heritage op 2nd"]
[Site "Merida"]
[Date "2022.08.05"]
[Round "6"]
[White "Patino Frias, Jose Luis"]
[Black "Garcia Garcia, Juan Gabriel"]
[Result "0-1"]
[WhiteElo "1247"]
[BlackElo "1756"]
[PlyCount "46"]
[EventDate "2022.08.02"]
[EventType "swiss"]
[EventRounds "9"]
[EventCountry "ESP"]
[SourceTitle "EXT 2023"]
[Source "ChessBase"]
[SourceDate "2022.10.05"]
[SourceVersion "1"]
[SourceVersionDate "2022.10.05"]
[SourceQuality "1"]

1. d4 d5 2. Bf4 e6 3. e3 Bd6 4. Bxd6 Qxd6 5. c3 Nf6 6. Nf3 Nbd7 7. Be2 0-0 8. 0-0 c6 9. Nbd2 e5 10. dxe5 Nxe5 11. Nxe5 Qxe5 12. Nf3 Qe7 13. Qc2 Ne4 14. c4 Bf5 15. Nd4 Bg6 16. Bd3 dxc4 17. Bxe4 Bxe4 18. Qxc4 Qg5 19. g3 Bd5 20. Qe2 Rae8 21. h4 Qe7 22. b3 Qe4 23. f3 Qxd4 0-1

[Event "Merida World Heritage op 2nd"]
[Site "Merida"]
[Date "2022.08.03"]
[Round "2"]
[White "Patino Frias, Jose Luis"]
[Black "Knafo, Michael"]
[Result "1/2-1/2"]
[WhiteElo "1247"]
[BlackElo "1631"]
[PlyCount "70"]
[EventDate "2022.08.02"]
[EventType "swiss"]
[EventRounds "9"]
[EventCountry "ESP"]
[SourceTitle "EXT 2023"]
[Source "ChessBase"]
[SourceDate "2022.10.05"]
[SourceVersion "1"]
[SourceVersionDate "2022.10.05"]
[SourceQuality "1"]

1. d4 Nf6 2. Nf3 d5 3. Bf4 Bf5 4. e3 e6 5. Nbd2 Bd6 6. c4 0-0 7. Be2 c6 8. Bxd6 Qxd6 9. 0-0 Nbd7 10. Nh4 Bg6 11. Nxg6 hxg6 12. cxd5 cxd5 13. Nb3 Rfc8 14. Bb5 a6 15. Bxd7 Nxd7 16. Qd2 Rc7 17. Rac1 Rac8 18. Rxc7 Rxc7 19. Rc1 Rxc1+ 20. Qxc1 Nb6 21. Nc5 Qc6 22. b3 Kf8 23. Nd3 Qb5 24. Qc5+ Qxc5 25. Nxc5 Na8 26. Nxb7 Nc7 27. a4 Ke7 28. Nc5 Kd6 29. Kf1 Kc6 30. Ke2 a5 31. Kd3 Ne8 32. Kc3 e5 33. b4 exd4+ 34. exd4 axb4+ 35. Kxb4 Nd6 1/2-1/2